|
|
|
|
| LEADER |
01280nam a2200289 a 4500 |
| 001 |
3527804 |
| 008 |
100314s1996 inua 001 0 eng d |
| 010 |
|
|
|a \\\96067206
|
| 020 |
|
|
|a 1575210886 (pbk.)
|
| 020 |
|
|
|a 8187105615
|
| 040 |
|
|
|a OCo
|c OCo
|d DLC
|d BD-DhAAL
|
| 082 |
0 |
0 |
|a 005.13/3
|2 21
|
| 100 |
1 |
|
|a Norton, Peter,
|d 1943-
|
| 240 |
1 |
0 |
|a Guide to Java programming
|
| 245 |
1 |
0 |
|a Peter Norton's guide to Java programming /
|c Peter Norton & William Stanek.
|
| 246 |
3 |
0 |
|a Guide to Java programming
|
| 250 |
|
|
|a 1st ed.
|
| 260 |
|
|
|a Indianapolis, Ind. :
|b Sams.net ;
|a New Delhi :
|b Techmedia,
|c c1996.
|
| 300 |
|
|
|a 1 v. (various pagings) :
|b ill. ;
|c 24 cm.
|
| 504 |
|
|
|a Includes index.
|
| 541 |
1 |
|
|e 00007120
|
| 650 |
|
0 |
|a Java (Computer program language)
|
| 700 |
1 |
|
|a Stanek, William R.
|
| 852 |
4 |
|
|a Ayesha Abed Library
|j General Shelf
|
| 999 |
|
|
|c 7782
|d 7782
|
| 952 |
|
|
|0 0
|1 0
|2 ddc
|4 1
|6 005_133000000000000_NOR
|7 0
|9 8618
|a BRACUL
|b BRACUL
|c SPS
|d 2010-03-16
|l 0
|o 005.133 NOR
|p 3010007120
|r 2010-03-16
|t 1
|w 2010-03-16
|y BK
|x Photocopy Book. Declared as Damaged on December 10, 2023
|
| 952 |
|
|
|0 0
|1 0
|2 ddc
|4 1
|6 005_133000000000000_NOR
|7 0
|9 9101
|a BRACUL
|b BRACUL
|c SPS
|d 2010-04-08
|l 0
|o 005.133 NOR
|p 3010007119
|r 2010-04-08
|t 2
|w 2010-04-08
|y BK
|x Photocopy Book. Declared as Damaged on December 10, 2023
|